00669 2200241 4500001002100000005001500021035002500036090001800061245006800079260005000147300002500197008004100222082001400263084001600277100002500293650002000318500003000338040001700368850001200385041000800397990001100405990001100416YOGYA00000000004780020180815021732 a0010-081400000047518 aL 277.3 OLM h1 aHistory of Religion in the United States /cClifton E. Olmstead3 aUnited States America :bPrentice-Hall,c1960 a628 halaman ;c23 cm180815 g 0 eng 04223a277.3 a277.3 OLM h1 aOlmstead, Clifton E. 4aAGAMA-- Sejarah aTeks dalam bahasa Inggris aYOPDYOGbind aYOPDYOG0 aeng a8623-A a8623-A